000 00500pab a2200157 454500
008 180718b2018 xxu||||| |||| 00| 0 eng d
100 _aSadoway, David et al
245 _aJNNURM as a window on urban governance: its institutional footprint, antecedents, and legacy
260 _c2018
300 _ap.71-81.
362 _a13 Jan
650 _aJNNURM (Jawaharlal Nehru National Urban Renewal Mission)
650 _aUrban development
773 _aEconomic and Political Weekly
909 _a116753
999 _c116747
_d116747